000 01102nam a22002537a 4500
005 20170124103145.0
010 _aA-721975
020 _c150.00
_a8170553970
035 _aA-721975
037 _bCen Lib/Ret
040 _aDPL
_bHN
082 _a820.8
_bअवस्थी
100 _aअवस्थी, देवीशंकर
_985836
245 _aआलोचना और आलोचना /
_cदेवीशंकर अवस्थी
246 _aAlochna aur alochna /
_bby Devishankar Awasthi
260 _aनई दिल्ली
_bवाणी प्रकाशन
_c1995
270 _bनई दिल्ली
_a21ए दरियागंज
_e110002
300 _a169पृ.
_c21सेमी (सजिल्द)
650 _aहिन्दी साहित्य--रचना और आलोचना
_948697
650 _aसाहित्यिक समीक्षा
_985837
650 _aHindi literature--Creation and criticism.
_985838
650 _aLiterary criticism
_923292
942 _2ddc
_cHN
_h820.8
_mअवस्थी
999 _c119611
_d119611